Visszatérnek az apácák Vásárhelyre
Elmentve itt :
| Szerző: | |
|---|---|
| Dokumentumtípus: | Cikk |
| Megjelent: |
2005-06-23
|
| Sorozat: | Délmagyarország
95 No. 145 |
| Kulcsszavak: | Hódmezővásárhely, Oktatás általános iskola egyházi Domonkos-rend Hódmezővásárhely, Apácarend Domonkos-rend Hódmezővásárhely |
| Online Access: | http://dmarchiv.bibl.u-szeged.hu/134865 |
| LEADER | 00584nab a2200157 i 4500 | ||
|---|---|---|---|
| 001 | delm134865 | ||
| 005 | 20191209124606.0 | ||
| 008 | 191209s2005 hu o 0|| hun d | ||
| 040 | |a SZTE Délmagyarország Archívum |b hun | ||
| 041 | |a hun | ||
| 100 | 1 | |a Korom András | |
| 245 | 1 | 0 | |a Visszatérnek az apácák Vásárhelyre |h [elektronikus dokumentum] / |c Korom András |
| 260 | |c 2005-06-23 | ||
| 300 | |a 4 | ||
| 490 | 0 | |a Délmagyarország |v 95 No. 145 | |
| 695 | |a Hódmezővásárhely, Oktatás általános iskola egyházi Domonkos-rend Hódmezővásárhely, Apácarend Domonkos-rend Hódmezővásárhely | ||